Musiker von Heute (Record no. 9969)

MARC details
000 -CABECERA
campo de control de longitud fija 00600nam a2200229 a 4500
001 - NÚMERO DE CONTROL
campo de control BRL_1157
005 - FECHA Y HORA DE LA ÚLTIMA TRANSACCIÓN
campo de control 20190320211048.0
008 - DATOS DE LONGITUD FIJA--INFORMACIÓN GENERAL
campo de control de longitud fija 201113s1927----gw-#######---#000-0#ger-#
041 ## - CÓDIGO DE LENGUA
Código de lengua del texto/banda sonora o título independiente ger
044 ## - CÓDIGO DEL PAÍS DE LA ENTIDAD EDITORA/PRODUCTORA
Código MARC del país gw
050 #4 - SIGNATURA TOPOGRÁFICA DE LA BIBLIOTECA DEL CONGRESO
Número de clasificación ML390
Número de documento/Ítem .R65 1925
100 1# - ENTRADA PRINCIPAL--NOMBRE DE PERSONA
Nombre de persona Rolland, Romain
9 (RLIN) 15509
245 10 - MENCIÓN DE TÍTULO
Título Musiker von Heute
260 ## - PUBLICACIÓN, DISTRIBUCIÓN, ETC.
Lugar de publicación, distribución, etc. München
Nombre del editor, distribuidor, etc. Georg Müller
Fecha de publicación, distribución, etc. 1927
300 ## - DESCRIPCIÓN FÍSICA
Extensión 396 p.
Dimensiones 25 cm.
500 ## - NOTA GENERAL
Nota general Au1375
650 14 - PUNTO DE ACCESO ADICIONAL DE MATERIA--TÉRMINO DE MATERIA
Término de materia o nombre geográfico como elemento de entrada Músicos
9 (RLIN) 25963
650 14 - PUNTO DE ACCESO ADICIONAL DE MATERIA--TÉRMINO DE MATERIA
Término de materia o nombre geográfico como elemento de entrada Música
Subdivisión general Historia y crítica
Subdivisión geográfica Francia
9 (RLIN) 25964
650 14 - PUNTO DE ACCESO ADICIONAL DE MATERIA--TÉRMINO DE MATERIA
Término de materia o nombre geográfico como elemento de entrada Músicos
Subdivisión general Historia y crítica
Subdivisión geográfica Alemania
9 (RLIN) 25965
902 ## - CATALOGADOR
Iniciales GRL
942 ## - ELEMENTOS DE PUNTO DE ACCESO ADICIONAL (KOHA)
Fuente del sistema de clasificación o colocación Library of Congress Classification
Tipo de ítem Koha Libros
Holdings
Estado de retiro Estado de pérdida Estado dañado No para préstamo Localización permanente Ubicación/localización actual Fecha de adquisición Número de inventario Total de préstamos Signatura topográfica completa Código de barras Fecha visto por última vez Precio válido a partir de Tipo de ítem Koha
El ejemplar forma parte de la colección y puede ser consultado según las políticas vigentes.       Biblioteca Centro de Estudios Ruth D. Lechuga Biblioteca Centro de Estudios Ruth D. Lechuga 20/11/2013 Au1375   ML390 .R65 1925 (Au1375) GRL01269 22/03/2019 22/03/2019 Libros